Tổng mục lục 40 năm Tạp chí Văn Học (1960 - 1999) /

Guardat en:
Dades bibliogràfiques
Altres autors: Bùi Ý, Bùi Phụng, Lưu Phong Lan, Nguyễn Thị Huế, Trịnh Bá Đĩnh
Format: Sách giấy
Idioma:Vietnamese
Publicat: Hà Nội : Viện Văn học , 1999
Etiquetes: Afegir etiqueta
Sense etiquetes, Sigues el primer a etiquetar aquest registre!
Thư viện lưu trữ: Thư viện Trường Đại học Đà Lạt
LEADER 00780nam a2200289 4500
001 DLU020017348
005 ##3/27/2001
020 # # |a 978- 
041 # # |a vie 
082 # # |a 016  |b Ton 
245 # # |a Tổng mục lục 40 năm Tạp chí Văn Học (1960 - 1999) /  |c Bùi Phụng, Bùi Ý, Lưu Phong Lan, Nguyễn Thị Huế, Trịnh Bá Đĩnh, ... 
260 # # |a Hà Nội :  |b Viện Văn học ,  |c 1999 
300 # # |a 327 tr.;   |c 24 cm. 
700 # # |a Bùi Ý 
700 # # |a Bùi Phụng 
700 # # |a Lưu Phong Lan 
700 # # |a Nguyễn Thị Huế 
700 # # |a Trịnh Bá Đĩnh 
992 # # |a 35000 
994 # # |a DLU 
900 # # |a False 
911 # # |a Administrator 
925 # # |a G 
926 # # |a A 
927 # # |a SH 
980 # # |a Thư viện Trường Đại học Đà Lạt